000 00714nam a2200241 i 4500
001 8297
003 ES-MaACL
005 20230906145428.0
007 t|
008 920430s1987 sp ||||1| spa d
020 _a84-239-6534-1
080 _a351.712(46)(02)
100 1 _aGarcía Ortega, Pedro.
_955062
245 1 0 _aManual de contratos del Estado /
_cPedro García Ortega.
250 _a3ª ed. act. y amp.
260 _aMadrid :
_bEspasa-Calpe,
_cD.L. 1987.
300 _a454 p. ;
_c23 cm.
490 1 _aEspasa universidad ;
_v8
650 1 4 _aContratos administrativos-
_xEspaña.
_911327
830 0 _aEspasa universidad ;
_v8
_9177376
852 _aES-MaACL
_jL-15698
_bR.120225
999 _c8297
_d8297